Microsoft Office Project 2007 step by step / (Record no. 8703)
[ view plain ]
| 000 -LEADER | |
|---|---|
| fixed length control field | 01108cam a22003135a 4500 |
| 006 - FIXED-LENGTH DATA ELEMENTS--ADDITIONAL MATERIAL CHARACTERISTICS--GENERAL INFORMATION | |
| fixed length control field | a||||f |||| 00| 0 |
| 008 - FIXED-LENGTH DATA ELEMENTS--GENERAL INFORMATION | |
| fixed length control field | 110630t2007 wauabd f 001 0 eng d |
| 010 ## - LIBRARY OF CONGRESS CONTROL NUMBER | |
| LC control number | 2006937716 |
| 020 ## - INTERNATIONAL STANDARD BOOK NUMBER | |
| International Standard Book Number | 0735619557 |
| 020 ## - INTERNATIONAL STANDARD BOOK NUMBER | |
| International Standard Book Number | 9780735623057 |
| 020 ## - INTERNATIONAL STANDARD BOOK NUMBER | |
| International Standard Book Number | 9780735619555 |
| 040 ## - CATALOGING SOURCE | |
| Original cataloging agency | EG-ScBUE |
| Language of cataloging | eng |
| Transcribing agency | EG-ScBUE |
| 082 04 - DEWEY DECIMAL CLASSIFICATION NUMBER | |
| Classification number | 658.404028553 |
| Item number | CHA |
| Edition number | 22 |
| 100 1# - MAIN ENTRY--PERSONAL NAME | |
| Personal name | Chatfield, Carl S., |
| 9 (RLIN) | 26047 |
| 245 10 - TITLE STATEMENT | |
| Title | Microsoft Office Project 2007 step by step / |
| Statement of responsibility, etc | Carl Chatfield, Timothy Johnson. |
| 246 14 - VARYING FORM OF TITLE | |
| Title proper/short title | Step by step Microsoft Office Project 2007 |
| 260 ## - PUBLICATION, DISTRIBUTION, ETC. (IMPRINT) | |
| Place of publication, distribution, etc | Redmond, WA : |
| Name of publisher, distributor, etc | Microsoft Press,2007. |
| Date of publication, distribution, etc | c2007. |
| 300 ## - PHYSICAL DESCRIPTION | |
| Extent | xvi, 507 p. : |
| Other physical details | ill. ; |
| Dimensions | 23 cm. + |
| Accompanying material | 1 CD-ROM (4 3/4 in.) |
| 490 0# - Series Statement | |
| Series statement | Step by step |
| 500 ## - GENERAL NOTE | |
| General note | index 495-507. |
| 504 ## - BIBLIOGRAPHY, ETC. NOTE | |
| Bibliography, etc | Glossary 487-494. |
| 650 #0 - SUBJECT ADDED ENTRY--TOPICAL TERM | |
| Topical term or geographic name as entry element | Project management |
| General subdivision | Computer programs. |
| 9 (RLIN) | 26048 |
| Source of heading or term | BUEsh |
| 651 ## - SUBJECT ADDED ENTRY--GEOGRAPHIC NAME | |
| Source of heading or term | BUEsh |
| 653 ## - INDEX TERM--UNCONTROLLED | |
| Resource For college | Informatics and Computer Science |
| Arrived date list | August2015 |
| 655 ## - INDEX TERM--GENRE/FORM | |
| Form subdivision | |
| -- | 33728 |
| 700 1# - ADDED ENTRY--PERSONAL NAME | |
| Personal name | Johnson, Timothy D., |
| Dates associated with a name | 1962- |
| 9 (RLIN) | 26049 |
| 856 41 - ELECTRONIC LOCATION AND ACCESS | |
| Materials specified | Table of contents only |
| Uniform Resource Identifier | <a href="http://www.loc.gov/catdir/toc/fy0709/2006937716.html">http://www.loc.gov/catdir/toc/fy0709/2006937716.html</a> |
| 942 ## - ADDED ENTRY ELEMENTS (KOHA) | |
| Item type | Book - Borrowing |
| Call number prefix | 658.4040285 CHA |
| Source of classification or shelving scheme | Dewey Decimal Classification |
| Withdrawn status | Item status | Source of classification or shelving scheme | Damaged status | Not for loan | Home library | Current library | Shelving location | Date acquired | Source of acquisition | Total Checkouts | Total Renewals | Full call number | Barcode | Date last seen | Date last borrowed | Koha item type | Vendor | Materials specified (bound volume or other part) |
|---|---|---|---|---|---|---|---|---|---|---|---|---|---|---|---|---|---|---|
| Dewey Decimal Classification | Central Library | Central Library | First floor | 18/03/2008 | Purchase | 3 | 8 | 658.404028553 CHA | 000010635 | 15/07/2025 | 29/11/2017 | Book - Borrowing | ||||||
| Dewey Decimal Classification | Central Library | Central Library | First floor | 28/04/2010 | Purchase | 1 | 1 | 658.404028553 CHA | 000043566 | 24/08/2022 | 19/06/2011 | CD | DVD - With book | Baccah | |||||
| Dewey Decimal Classification | Central Library | Central Library | First floor | 03/11/2013 | 658.404028553 CHA | 000010638 | 24/08/2022 | CD | DVD - With book | Baccah | Lost In Inventory_2015-8-23 | ||||||||
| Dewey Decimal Classification | Central Library | Central Library | First floor | 16/08/2015 | Purchase | 658.404028553 CHA | 000039697 | 24/08/2022 | CD | DVD - With book | Lost In Inventory_2015-8-23 |